000 00477nam a2200121Ia 4500
008 250103s2023 xx 000 0 und d
020 _a978-3-031-34422-0
041 _aeng
100 _aSwapna Mukherjee, Kaushik Kiran Ghosh, Abhra Chanda
245 _aEnvironmental Oceanography and Coastal Dynamics
260 _bSpringer International Publishing
_c2023
856 _uhttps://link.springer.com/openurl?genre=book&isbn=978-3-031-34422-0
_zhttps://doi.org/10.1007/978-3-031-34422-0
999 _c12751
_d12751